Speed ​​Test-Mathematics-Divisions-The Content Update - Statistics

General Stats
  • This quiz has been taken 32 times
  • The average score is 4 of 5
Answer Stats
Calcul Answer % Correct
72/12 6
92%
60/3 20
91%
150/5 30
87%
1000/25 40
87%
506/2 253
85%
864/4 216
80%
1569/3 523
54%
45888/6 7648
13%
No matching quizzes found
Score Distribution
Percent of People with Each Score
Percentile by Number Answered
Your Score History
You have not taken this quiz